[Event "FSGM March"]
[Site "Budapest HUN"]
[Date "2004.03.08"]
[Round "3"]
[White "Hoang Thanh Trang"]
[Black "Krivoborodov,E"]
[Result "1-0"]
[WhiteElo "2447"]
[BlackElo "2329"]

1.d4 d5 2.c4 c6 3.Nf3 Nf6 4.Nc3 a6 5.Qb3 dxc4 6.Qxc4 b5 7.Qd3 e6 8.e4 Bb7
9.Bg5 Be7 10.e5 Nd5 11.Ne4 f6 12.exf6 gxf6 13.Bd2 Nd7 14.Rc1 Qb6 15.Be2 O-O
16.O-O Kh8 17.Qc2 Qc7 18.Rfe1 Rae8 19.a3 Bd6 20.Bd3 Rf7 21.g3 Bf8 22.Re2 Qb6
23.b4 Qc7 24.Rce1 Rfe7 25.Nc5 Nxc5 26.dxc5 Bc8 27.Nd4 Qd7 28.Be4 Bg7 29.Nb3 f5
30.Bxd5 cxd5 31.Bg5 Rf7 32.Bf4 Bb7 33.c6 Qxc6 34.Qxc6 Bxc6 35.Rxe6 Rff8 36.Be5 Bd7
37.Bxg7+ Kxg7 38.Rxe8 Bxe8 39.Re6 Bf7 40.Rxa6 f4 41.gxf4 Bg6 42.Nd4 Kg8 43.Rd6 Rxf4
44.Rxd5 Rg4+ 45.Kf1 Bd3+ 46.Ke1 Bc4 47.Rd8+ Kf7 48.h3 Rh4 49.Nf3 Re4+ 50.Kd2 Re2+
51.Kc3 Rxf2 52.Ne5+ Ke7 53.Rh8 Be6 54.Rxh7+ Kd6 55.Rh5 Ra2 56.Nd3 Rxa3+ 57.Kd4 Bc4
58.Rh6+ Ke7 59.Ne5 Bf1 60.h4 Rh3 61.Ng6+ Kd7 62.Nf4 Rb3 63.Nd5 Bg2 64.Kc5 Bxd5
65.Rd6+ Kc7 66.Rxd5 Rh3 67.h5 Rh4 68.Kxb5 Kb7 69.Rd7+ Kc8 70.Rh7 Kb8 71.Kc5 Rh1
72.Kb6 Kc8 73.b5 Rh2 74.Rh8+ Kd7 75.h6 Rh5 76.h7 Rh6+ 77.Ka7  1-0

[Event "Koenigsspringer IM"]
[Site "Hamburg GER"]
[Date "2004.03.12"]
[Round "6"]
[White "Farago,I"]
[Black "Svetushkin,D"]
[Result "1/2-1/2"]
[WhiteElo "2506"]
[BlackElo "2553"]

1.d4 d5 2.c4 c6 3.Nf3 Nf6 4.Nc3 a6 5.c5 Nbd7 6.Bf4 Nh5 7.e3 g6 8.h4 Bg7 9.Bh2 Ndf6
10.Ne5 Nd7 11.Nf3 Ndf6 12.Ne5 Nd7  1/2-1/2

[Event "FSIM March"]
[Site "Budapest HUN"]
[Date "2004.03.14"]
[Round "9"]
[White "Berczes,D"]
[Black "Farago,S"]
[Result "0-1"]
[WhiteElo "2305"]
[BlackElo "2299"]

1.d4 d5 2.c4 c6 3.Nf3 Nf6 4.Nc3 a6 5.cxd5 cxd5 6.Bf4 Nc6 7.e3 e6 8.Bd3 b5
9.O-O Be7 10.h3 O-O 11.a4 b4 12.Nb1 Bb7 13.Nbd2 Nd7 14.Qe2 f5 15.Rfc1 Nf6
16.Nb3 Ne4 17.Ne5 Nxe5 18.Bxe5 Bd6 19.f3 Nf6 20.a5 Rf7 21.Qd2 f4 22.exf4 Nh5
23.Nc5 Bc8 24.Bf1 Nxf4 25.g3 Bxe5 26.dxe5 Qg5 27.Kh2 Nxh3 28.Qe2 Nf4 29.gxf4 Qxf4+
30.Kg1 Rf5 31.Re1 Rg5+ 32.Bg2 Rh5 33.Rac1 Ra7 34.Kf1 Qf8 35.Qe3 Rf7 36.Kf2 Rff5
37.Nd3 Bd7 38.Rh1 Rxh1 39.Bxh1 Bb5 40.Nc5 Qe7 41.Qd4 Rh5 42.Nb3 Bc4 43.Nd2 Rh4
44.Qe3 d4 45.Qe1 Qg5 46.f4 Rh2+ 47.Kf3 Bd5+ 48.Ne4 Qh5+  0-1

[Event "Dos Hermanas Internet Final"]
[Site "ICC INT"]
[Date "2004.03.14"]
[Round "3.1"]
[White "Riazantsev,A"]
[Black "Kogan,Ar"]
[Result "1-0"]
[WhiteElo "2576"]
[BlackElo "2543"]

1.d4 d5 2.c4 c6 3.Nc3 Nf6 4.Nf3 a6 5.c5 Nbd7 6.Bf4 Nh5 7.Be3 g6 8.g4 Nhf6
9.g5 Nh5 10.Bh3 Nb6 11.Bg2 Nd7 12.Bh3 Nb6 13.Bxc8 Nxc8 14.Qb3 Qc7 15.Bd2 Bg7
16.e4 dxe4 17.Nxe4 O-O 18.O-O-O Rb8 19.Ne5 b6 20.Qc3 e6 21.Ng3 bxc5 22.Qxc5 Rb5
23.Qc2 Ne7 24.Nxh5 gxh5 25.Rhe1 Nd5 26.Kb1 Rfb8 27.b3 c5 28.Rc1 R5b7 29.Qxc5 Qxc5
30.dxc5 Rc7 31.f4 Rb5 32.Nd3 Ne7 33.Bc3 Nf5 34.Bxg7 Kxg7 35.b4 Rb8 36.Kb2 h4
37.Kc3 Ne7 38.a3 h6 39.Kc4 hxg5 40.fxg5 Rd8 41.Ne5 Rd2 42.Nf3 Ra2 43.Ra1 Rc2+
44.Kb3 Rg2 45.Rg1 Rf2 46.Rgf1 Rg2 47.Rg1 Rf2 48.Raf1 Re2 49.Rg4 Re3+ 50.Ka4 Rd7
51.Nxh4 Rdd3 52.Ra1 Nd5 53.Ng2 Re5 54.Ka5 Nc7 55.Kb6 Rd7 56.Nf4 Re3 57.Nh5+ Kg6
58.Nf6 Re7 59.h4 Kf5 60.Rf1+ Kg6 61.h5+ Kg7 62.a4 Rb3 63.g6  1-0

[Event "14th Asian Cities"]
[Site "Tagaytay City PHI"]
[Date "2004.03.24"]
[Round "5"]
[White "Halay,T"]
[Black "Purnama,T"]
[Result "1-0"]
[WhiteElo "2212"]
[BlackElo "2289"]

1.d4 d5 2.c4 c6 3.Nf3 Nf6 4.Nc3 a6 5.a4 Bf5 6.Qb3 Ra7 7.Bf4 e6 8.a5 Nbd7
9.e3 Nh5 10.Bg5 Qc7 11.Be2 h6 12.Bh4 g5 13.Bg3 Nxg3 14.hxg3 Be7 15.Nd2 Nf6
16.Qb6 Qb8 17.Na4 dxc4 18.Bxc4 Kf8 19.Nc5 Kg7 20.Ra3 e5 21.Nf3 exd4 22.Nxd4 Bg6
23.Rb3 Bd8 24.Qb4 Qe5 25.O-O Re8 26.Nxb7 c5 27.Qxc5 Qxc5 28.Nxc5 Rc7 29.Nce6+ fxe6
30.Nxe6+ Rxe6 31.Bxe6 Re7 32.Bc4 Ne4 33.Rd1 Bxa5 34.Ra3 Bb4 35.Rxa6 Nf6 36.Rda1 Bc5
37.R1a4 Rc7 38.b3 Nd7 39.Ra1 Ne5 40.Be2 Bf7 41.Rc1 Bxb3 42.Ra5 Nd7 43.Bg4 Ne5
44.Rcxc5 Rxc5 45.Rxc5 Nxg4 46.Rc3 Be6 47.f3 Ne5 48.Kf2 Kf6 49.Ra3 Bc4 50.e4 h5
51.Ra4 Bb5 52.Ra5 Bc4 53.f4 Ng4+ 54.Kf3 gxf4 55.gxf4 Kg6 56.Rc5 Bd3 57.Rc6+ Kf7
58.Rb6 Nf6 59.e5 Be4+ 60.Kg3 Nd5 61.Rh6 Bg6 62.Rh8 Ke6 63.Rd8 Ne3 64.Rd6+ Kf7
65.Rf6+ Kg7 66.Kf3 Nf5 67.g4 Nd4+ 68.Kg3 hxg4 69.Kxg4 Bc2 70.Rd6 Nf5 71.Rc6 Be4
72.Ra6 Bd3 73.Rb6 Be4 74.Ra6 Bd3 75.Ra3 Be4 76.Kg5 Kf7 77.Ra7+ Ne7 78.Ra6 Kg7
79.e6 Bd3 80.Ra7 Kf8 81.Ra8+ Kg7 82.Re8 Nf5 83.Rd8 Be4 84.Rd7+ Kg8 85.Kf6  1-0

[Event "IV Open"]
[Site "Dos Hermanas ESP"]
[Date "2004.03.29"]
[Round "5"]
[White "Epishin,V"]
[Black "Franco Ocampos,Z"]
[Result "1-0"]
[WhiteElo "2633"]
[BlackElo "2524"]

1.d4 d5 2.c4 c6 3.Nf3 Nf6 4.Nc3 a6 5.e3 b5 6.b3 Bg4 7.Be2 e6 8.O-O Nbd7 9.h3 Bh5
10.Ne5 Bxe2 11.Nxe2 dxc4 12.Nxd7 Qxd7 13.bxc4 Be7 14.c5 O-O 15.Qc2 Qd5 16.f3 e5
17.e4 Qc4 18.Qxc4 bxc4 19.Ba3 Rfd8 20.Rfd1 Nd7 21.Rac1 exd4 22.Rxc4 Ne5 23.Rcxd4 Nc4
24.Rxd8+ Bxd8 25.Bb4 Be7 26.Rc1 Ne5 27.Ba5 Nd3 28.Rb1 Bxc5+ 29.Kf1 Kf8 30.Rb3 Ne5
31.Rc3 Nd7 32.Rxc5 Nxc5 33.Bb4 Rb8 34.Bxc5+ Ke8 35.Ba3 Rb1+ 36.Nc1 h5 37.g4 hxg4
38.hxg4 g6 39.Ke2 f5 40.gxf5 gxf5 41.Kd3 fxe4+ 42.fxe4 Kf7 43.Ne2 Ra1 44.Nc3 Ke6
45.Kd4 Kd7 46.Bb4 Rh1 47.Na4 Ra1 48.Nc5+ Kc7 49.a4 Kb6 50.Ba5+ Ka7 51.Bc7  1-0

[Event "IV Open"]
[Site "Dos Hermanas ESP"]
[Date "2004.03.30"]
[Round "6"]
[White "Franco Ocampos,Z"]
[Black "Fernandez Romero,Ern"]
[Result "1/2-1/2"]
[WhiteElo "2524"]
[BlackElo "2425"]

1.d4 d5 2.Nf3 Nf6 3.c4 c6 4.Nc3 a6 5.c5 Nbd7 6.Bf4 Nh5 7.e3 g6 8.h4 Nxf4
9.exf4 h5 10.Bd3 Bg7 11.Rc1 O-O 12.f5 gxf5 13.Bxf5 Nf6 14.Bb1 Bg4 15.Qd3 e6
16.Ne5 Bf5 17.Qf3 Bxb1 18.Rxb1 Nd7 19.Qxh5 Nxe5 20.dxe5 Qc7 21.f4 f6 22.exf6 Rxf6
23.g3 e5  1/2-1/2

[Event "IV Open"]
[Site "Dos Hermanas ESP"]
[Date "2004.03.31"]
[Round "7"]
[White "Cifuentes Parada,R"]
[Black "Epishin,V"]
[Result "1/2-1/2"]
[WhiteElo "2505"]
[BlackElo "2633"]

1.Nf3 Nf6 2.d4 d5 3.c4 c6 4.Nc3 a6 5.cxd5 cxd5 6.Bf4 Nc6 7.Rc1 Bf5 8.e3 e6
9.Qb3 Ra7 10.Ne5 Be7 11.Be2 Nxe5 12.Bxe5 O-O 13.O-O b5 14.a4 b4 15.Nb1 Bxb1
16.Bxf6 Bxf6 17.Rxb1 a5 18.Rfc1 Qb8 19.Rc5 Be7 20.Rc2 Rc8 21.Rbc1 Rac7 22.Bb5 Bd6
23.g3  1/2-1/2

[Event "10th Schloss Open"]
[Site "Werther GER"]
[Date "2004.04.03"]
[Round "3"]
[White "Siebrecht,S"]
[Black "Svetushkin,D"]
[Result "0-1"]
[WhiteElo "2397"]
[BlackElo "2553"]

1.d4 d5 2.Nf3 Nf6 3.c4 c6 4.Nc3 a6 5.cxd5 cxd5 6.Bf4 Nc6 7.e3 Bg4 8.Be2 e6
9.Ne5 Bxe2 10.Qxe2 Nxe5 11.Bxe5 Nd7 12.Bf4 Bb4 13.O-O Rc8 14.Rfc1 Bxc3 15.Rxc3 Rxc3
16.bxc3 Qc8 17.Rc1 b5 18.a4 bxa4 19.e4 O-O 20.c4 dxe4 21.Qxe4 Nf6 22.Qf3 Rd8
23.h3 h6 24.c5 Nd5 25.c6 a5 26.Bg3 Qa6 27.Rc5 Rc8 28.c7 Qb7 29.Rxa5 Qb4 30.Ra6 Nxc7
31.Bxc7 Qb1+ 32.Kh2 Rxc7 33.Rxa4 Rd7 34.Qc6 Qb8+ 35.g3 Rd8 36.Kg2 Rc8 37.Qe4 Rd8
38.h4 h5 39.Ra6 Rxd4 40.Qxd4 Qb7+ 41.Kg1 Qxa6 42.Qe5 g6 43.g4 Qc4 44.gxh5 Qg4+
45.Kf1 Qxh5 46.Qf6 Qf5 47.Qd4 e5 48.Qb4 Kg7 49.Kg2 Kh6 50.Qf8+ Kh5 51.Qh8+ Kg4
52.Kg1 Kh3 53.Kf1 Qd3+ 54.Ke1 Qc3+ 55.Kf1 Qc4+ 56.Ke1 Qb4+ 57.Kf1 Qb5+ 58.Ke1 Kg2
59.Qa8+ Kg1 60.f3 Qb4+ 61.Ke2 Qc4+ 62.Kd2 Kf2 63.h5 gxh5 64.Qh8 Qf4+ 65.Kc2 h4
66.Qh5 Kg3  0-1

[Event "TCh-CZE Extraliga 2003-4"]
[Site "Czech Rep CZE"]
[Date "2004.04.04"]
[Round "11"]
[White "Ftacnik,L"]
[Black "Lipka,J"]
[Result "1/2-1/2"]
[WhiteElo "2582"]
[BlackElo "2417"]

1.Nf3 d5 2.d4 c6 3.c4 Nf6 4.Nc3 a6 5.a4 e6 6.Bg5 Nbd7 7.e3 Qa5 8.Nd2 dxc4
9.Bxf6 Nxf6 10.Nxc4 Qc7 11.a5 Bb4 12.Be2 Nd5 13.Qb3 O-O 14.O-O Be7 15.Rfc1 Rb8
16.Na4 Rd8 17.Bf3 Bf6 18.g3 Bd7 19.Nc5 Be8 20.Rc2 g6 21.Rd1 Ne7 22.Rcd2 Nc8
23.Ne4 Bg7 24.Bg2 Na7 25.f4 Nc8 26.Bh3 Ne7 27.Nc5 Nf5 28.Qb6 Qe7 29.Rd3 h5
30.Qa7 g5 31.Bxf5 exf5 32.Nxa6 Ra8 33.Qc5 Qe4 34.Nc7 gxf4 35.exf4 h4 36.d5 h3
37.Ne3 cxd5 38.Nxe8 Rxe8 39.Qxd5 Rxa5 40.Qxa5 Bd4 41.Qd2 Bxe3+ 42.Rxe3 Qxe3+
43.Qxe3 Rxe3 44.Rd5 Re1+ 45.Kf2 Rh1 46.Rb5 Rxh2+ 47.Kg1 Rg2+ 48.Kh1 Rxg3
49.Kh2 Rf3 50.Rxb7 Rxf4  1/2-1/2

[Event "Open ch-NOR"]
[Site "Oslo NOR"]
[Date "2004.04.07"]
[Round "5"]
[White "Stenersen,G"]
[Black "Gvein,K"]
[Result "1-0"]
[WhiteElo "2172"]
[BlackElo "2101"]

1.d4 d5 2.c4 c6 3.Nf3 Nf6 4.Nc3 a6 5.e3 b5 6.cxb5 cxb5 7.Bd3 Bg4 8.Bd2 e6
9.Rc1 Nbd7 10.Qb3 Be7 11.a4 b4 12.Na2 a5 13.O-O Rb8 14.Rc2 O-O 15.Rfc1 Bd6
16.Rc6 Rb6 17.Bb5 Ne4 18.Be1 Rxc6 19.Rxc6 Nb8 20.Rc2 Bxf3 21.gxf3 Ng5 22.Kg2 f5
23.f4 Nf7 24.f3 g5 25.Bg3 gxf4 26.Bxf4 Bxf4 27.exf4 Kh8 28.Nc1 Qh4 29.Qe3 Rg8+
30.Kh1 Qf6 31.Nb3 Nd6 32.Nxa5 Nxb5 33.axb5 Nd7 34.Nc6 Rc8 35.Nxb4 Rb8 36.Rc6 Rg8
37.Rxe6 Qg7 38.Qf2 Nf8 39.Re5 h6 40.Nxd5 Ng6 41.Re1 Qf7 42.Nc3 Nxf4 43.Qe3 Qc7
44.Ne2 Nh3 45.Qxh6+ Qh7 46.Qxh7+ Kxh7 47.Ng3 f4 48.Ne4 Kh6 49.Rc1 Rg7 50.d5 Kh5
51.d6 Kh4 52.Rd1 Ng5 53.Nxg5 Rxg5 54.d7 Kh3 55.d8=R  1-0

[Event "Pobeskydi Technomont Cup"]
[Site "Frydek Mistek CZE"]
[Date "2004.04.09"]
[Round "4"]
[White "Belunek,V"]
[Black "Karhanek,P"]
[Result "1-0"]
[WhiteElo "2288"]
[BlackElo "2208"]

1.d4 d5 2.c4 c6 3.Nf3 Nf6 4.Nc3 a6 5.cxd5 cxd5 6.Bf4 Nc6 7.Rc1 Ne4 8.e3 Nxc3
9.bxc3 e6 10.Bd3 Ba3 11.Rb1 b5 12.O-O Bd7 13.e4 dxe4 14.Bxe4 Rc8 15.Re1 Be7
16.a4 Na5 17.Ne5 Nc4 18.Nxd7 Qxd7 19.axb5 axb5 20.Qh5 Nd6 21.Bxd6 Bxd6 22.d5 Rc5
23.Ra1 Qd8 24.Ra7 g6 25.Bxg6  1-0

[Event "8th Neckar Open"]
[Site "Deizisau GER"]
[Date "2004.04.10"]
[Round "5"]
[White "Braun,A"]
[Black "Epishin,V"]
[Result "1/2-1/2"]
[WhiteElo "2429"]
[BlackElo "2633"]

1.d4 Nf6 2.c4 c6 3.Nc3 d5 4.Nf3 a6 5.e3 e6 6.Bd2 c5 7.cxd5 exd5 8.Be2 Nc6
9.O-O Be6 10.dxc5 Bxc5 11.Rc1 Bd6 12.Qc2 O-O 13.Rfd1 Rc8 14.Be1 h6 15.Qb1 Re8
16.Nd4 Nxd4 17.Rxd4 Be5 18.Rdd1 Qe7 19.Bf3 Rcd8 20.Ne2 Ng4 21.Nf4 d4 22.Nxe6 Qxe6
23.h3 Nf6 24.exd4 Bxd4 25.Bc3 Bxc3 26.Rxd8 Rxd8 27.Rxc3 b6 28.a3 a5 29.Qc1 Qe5
30.Rc6 Qd4 31.Qc2 Nd7 32.Rc4 Qd6 33.Rc6 Qd4 34.Rc4 Ra8  1/2-1/2

[Event "It"]
[Site "Indjija SCG"]
[Date "2004.04.12"]
[Round "2"]
[White "Grujic,Z"]
[Black "Szuhanek,R"]
[Result "1/2-1/2"]
[WhiteElo "2391"]
[BlackElo "2424"]

1.Nf3 d5 2.d4 c6 3.c4 Nf6 4.Nc3 a6 5.c5 Nbd7 6.Bf4 Nh5 7.Be3 g6 8.g3 Bg7
9.Bg2 O-O 10.O-O Qc7 11.Qd2 e5  1/2-1/2

[Event "ACP Blitz Prelim1"]
[Site "playchess.com INT"]
[Date "2004.04.12"]
[Round "14"]
[White "Matveeva,S"]
[Black "Volkov,S1"]
[Result "1/2-1/2"]
[WhiteElo "2496"]
[BlackElo "2629"]

1.d4 d5 2.c4 c6 3.Nc3 Nf6 4.Nf3 a6 5.c5 Nbd7 6.Bf4 Nh5 7.Bd2 g6 8.e4 dxe4
9.Nxe4 Ndf6 10.Nc3 Bg4 11.Be3 Ng7 12.h3 Bxf3 13.Qxf3 Nf5 14.Rd1 Bg7 15.Bc4 O-O
16.O-O e6 17.Bg5 h6 18.Be3 Qd7 19.g4 Nxe3 20.fxe3 Nd5 21.e4 Nxc3 22.bxc3 Qc7
23.e5 b6 24.cxb6 Qxb6 25.Kh1 a5 26.Rb1 Qc7 27.h4 Rab8 28.h5  1/2-1/2

[Event "ACP Blitz Prelim2"]
[Site "playchess.com INT"]
[Date "2004.04.13"]
[Round "3"]
[White "Notkin,M"]
[Black "Erenburg,S"]
[Result "0-1"]
[WhiteElo "2471"]
[BlackElo "2513"]

1.d4 d5 2.c4 c6 3.Nc3 Nf6 4.Nf3 a6 5.Bg5 Ne4 6.h4 Nxc3 7.bxc3 dxc4 8.e4 b5
9.Ne5 Nd7 10.Nxc6 Qc7 11.d5 Bb7 12.Nd4 Nc5 13.g3 Nxe4 14.Bf4 Qa5 15.Rc1 Bxd5
16.Nf3 Nxc3 17.Qd2 Bxf3 18.Bh3 Rd8 19.Qxc3 Qxc3+ 20.Rxc3 Rd1+  0-1

[Event "ACP Blitz Prelim2"]
[Site "playchess.com INT"]
[Date "2004.04.13"]
[Round "3"]
[White "Grabuzova,T"]
[Black "Gallegos,Ca"]
[Result "0-1"]
[WhiteElo "2348"]
[BlackElo "2452"]

1.d4 d5 2.c4 c6 3.Nf3 Nf6 4.Nc3 a6 5.c5 g6 6.Bf4 Bg7 7.h4 h5 8.Qd2 Ne4 9.Nxe4 dxe4
10.Ne5 Nd7 11.Nc4 b5 12.cxb6 Nxb6 13.Nxb6 Qxb6 14.e3 c5 15.dxc5 Qxb2 16.Rd1 Bc3  0-1

[Event "ACP Blitz Prelim2"]
[Site "playchess.com INT"]
[Date "2004.04.13"]
[Round "7"]
[White "Grabuzova,T"]
[Black "Erenburg,S"]
[Result "0-1"]
[WhiteElo "2348"]
[BlackElo "2513"]

1.d4 d5 2.c4 c6 3.Nf3 Nf6 4.Nc3 a6 5.c5 Nbd7 6.Bf4 Nh5 7.e3 g6 8.h4 Nxf4
9.exf4 Bg7 10.Bd3 b6 11.b4 bxc5 12.bxc5 Nxc5 13.Qd2 Ne6 14.Bc2 Qd6 15.Ne5 f6
16.Nxc6 Bd7 17.Na5 Nxf4 18.Nb7 Nxg2+ 19.Kf1 Qf4 20.Qe1 Nxe1  0-1

[Event "ACP Blitz Prelim2"]
[Site "playchess.com INT"]
[Date "2004.04.13"]
[Round "10"]
[White "Gustafsson,J"]
[Black "Kobalia,M"]
[Result "0-1"]
[WhiteElo "2579"]
[BlackElo "2630"]

1.Nf3 d5 2.d4 Nf6 3.c4 c6 4.Nc3 a6 5.cxd5 cxd5 6.Bf4 Nc6 7.Rc1 Bf5 8.e3 Qb6
9.Bd3 Bxd3 10.Qxd3 e6 11.O-O Nd7 12.e4 Nb4 13.Qe2 dxe4 14.Qxe4 Nf6 15.Qe2 Be7
16.Na4 Qa5 17.Nc5 Nbd5 18.Be5 O-O 19.a3 b6 20.Bxf6 Nxf6 21.Nxe6 fxe6 22.Qxe6+ Rf7
23.Ne5 Qd5 24.Qxf7+ Qxf7 25.Nxf7 Kxf7 26.Rfe1 Nd5 27.g3 Bf6 28.Rc6 Rd8 29.Re4 a5
30.h4 h6 31.Kf1 a4 32.Rc4 b5 33.Rc5 b4 34.axb4 Nxb4 35.Ra5 Nc6 36.Rxa4 Nxd4
37.Ra7+ Kg6 38.Rb7 Rc8 39.Kg2 Rc2 40.b4 Nf5 41.h5+ Kh7 42.g4 Nd6 43.Rbe7 Nxe4
44.Rxe4 Kg8 45.Kg3 Rc3+ 46.f3 Kf7 47.Re2 Rb3 48.Re4 Be7 49.Rf4+ Ke8 50.Rc4 Rxb4
51.Rxb4 Bxb4 52.Kf4 Kf7 53.Kf5 Bd2 54.f4 Ke7 55.g5 hxg5 56.fxg5 Kf7 57.g6+ Ke7
58.Ke5 Bh6 59.Kf5 Kd6 60.Ke4 Ke6 61.Kf3 Kf5  0-1

[Event "ACP Blitz Prelim4"]
[Site "playchess.com INT"]
[Date "2004.04.15"]
[Round "9"]
[White "Harikrishna,P"]
[Black "Epishin,V"]
[Result "1-0"]
[WhiteElo "2599"]
[BlackElo "2610"]

1.d4 Nf6 2.c4 c6 3.Nc3 d5 4.Nf3 a6 5.a4 e6 6.e3 c5 7.cxd5 exd5 8.Be2 Nc6
9.O-O cxd4 10.Nxd4 Bd6 11.Bf3 O-O 12.b3 Bc7 13.Bb2 Re8 14.Nce2 Ne5 15.Rc1 h5
16.Nf4 Bg4 17.Bxg4 hxg4 18.Nf5 Rc8 19.Rc2 Qd7 20.Ng3 Bb8 21.Rd2 Rcd8 22.Qa1 g5
23.Nd3 Qe6 24.Rfd1 Ne4 25.Nxe4 dxe4 26.Nc5 Qe7 27.Rxd8 Rxd8 28.Nxe4 f5 29.Rxd8+ Qxd8
30.Nxg5 Nd3 31.Qd1 Qd6 32.Bd4 Qxh2+ 33.Kf1 Qh1+ 34.Ke2 Qxd1+ 35.Kxd1 Nxf2+
36.Kc2 Bd6 37.Kc3 Be7 38.Ne6 Kf7 39.Nc5 Bxc5 40.Bxc5 Ke6 41.Kd4 Ne4 42.Bb4 Nf6
43.Bd2 Nd5 44.e4 Ne7 45.exf5+ Nxf5+ 46.Ke4 Nh4 47.g3 Ng6 48.Bf4 b5 49.axb5 axb5
50.Bb8 Ne7 51.Kf4 Nc6 52.Bc7 Nd4 53.b4 Nc6 54.Ba5 Kd5 55.Bb6 Nxb4 56.Kxg4 Nc6
57.Be3 Ke4 58.Bc1 b4 59.Kh5 b3 60.g4 Ne5 61.g5  1-0

[Event "ACP Blitz Prelim4"]
[Site "playchess.com INT"]
[Date "2004.04.15"]
[Round "15"]
[White "Shipov,S"]
[Black "Epishin,V"]
[Result "1-0"]
[WhiteElo "2593"]
[BlackElo "2610"]

1.d4 Nf6 2.c4 c6 3.Nc3 d5 4.Nf3 a6 5.c5 Bg4 6.Ne5 Bf5 7.Bf4 Nbd7 8.h3 Nxe5
9.Bxe5 Nd7 10.Bg3 e5 11.e3 Be7 12.Bd3 Bxd3 13.Qxd3 O-O 14.O-O f5 15.Bxe5 Nxe5
16.dxe5 Bxc5 17.Ne2 Qe7 18.f4 g5 19.Nd4 Qd7 20.Kh1 Bxd4 21.exd4 h6 22.Rf2 Rf7
23.Raf1 Raf8 24.Qe2 Qe6 25.Qh5 Rg7 26.Rf3 Qg6 27.Qxg6 Rxg6 28.fxg5 Rxg5 29.g4 f4
30.Rxf4 Rxf4 31.Rxf4 c5 32.h4 Rg6 33.dxc5 Kg7 34.Kg2 b6 35.cxb6 Rxb6 36.b4 Rc6
37.Kg3 Rc2 38.Rd4 Rxa2 39.Rxd5 Rb2 40.Rd7+ Kg8 41.Rd6 Kg7 42.Rb6 Ra2 43.h5 a5
44.bxa5 Rxa5 45.Rb7+ Kg8 46.Kf4 Ra6 47.Kf5 Rc6 48.Rd7 Rc1 49.g5 hxg5 50.Kg6 Kf8
51.h6 g4 52.h7  1-0

[Event "It"]
[Site "Indjija SCG"]
[Date "2004.04.17"]
[Round "8"]
[White "Rajkovic,Du"]
[Black "Szuhanek,R"]
[Result "1/2-1/2"]
[WhiteElo "2449"]
[BlackElo "2424"]

1.d4 d5 2.c4 c6 3.Nf3 Nf6 4.Nc3 a6 5.c5 Nbd7 6.Bf4 Nh5 7.e3 g6 8.Be2 Bg7
9.Bg5 Bf6 10.Bh6 Bg7 11.Bxg7 Nxg7 12.b4 O-O 13.O-O Re8 14.Re1 a5 15.b5 e5
16.bxc6 bxc6 17.dxe5 Nxe5 18.Nd4 Ne6 19.f4 Nxd4 20.Qxd4 Ng4 21.Bxg4 Bxg4
22.Rab1 Bf5 23.Rb6 Re6 24.Ne2 Qe7 25.Ng3 Re8 26.h3 h5 27.Ra6 h4 28.Nxf5 gxf5
29.Rxa5 Re4 30.Qd3 d4 31.Rf1 dxe3 32.Qd6 Qb7 33.Qf6 R4e6 34.Qxh4 Qb4 35.Qe1 Qb2
36.Rf3 Rg6 37.Rg3 e2 38.Rd3 Qg7 39.g3 Qh8 40.Kg2 Rh6 41.h4 Rhe6 42.Ra7 Qh5
43.Raa3 Qh8 44.Rac3 Re4 45.Rc2 Qh5 46.Rcc3 Qh8 47.a3 Qf6 48.Rc2 Qe7 49.Rcc3 Qe6
50.Kf2 Qa2 51.Re3 Qd5 52.Qxe2 Rxe3 53.Rxe3 Qxc5 54.Qd3 Re4 55.Kf3 Rd4 56.Qb3 Qc1
57.Kf2 Qh1 58.Re8+ Kg7 59.Qc3 Qh2+ 60.Kf3 Qh1+ 61.Kf2 c5 62.Re1 Qd5 63.Re5 Qa2+
64.Re2 Qd5 65.Rd2 Qe4 66.a4 Kh7 67.Rxd4 cxd4 68.Qd2 d3 69.a5 Qd4+ 70.Kf1 Qa1+
71.Kg2 Qd4 72.a6 Qd5+ 73.Kh2 Kg7 74.a7 Qe4 75.Qb2+ Kh7 76.Qa2 Qe2+ 77.Qxe2 dxe2
78.a8=Q e1=Q 79.Qa2 Kg7 80.Qc2 Qe6 81.Qb2+  1/2-1/2

[Event "ACP Blitz Final"]
[Site "playchess.com INT"]
[Date "2004.04.17"]
[Round "1.2"]
[White "Kazhgaleyev,M"]
[Black "Kobalia,M"]
[Result "1/2-1/2"]
[WhiteElo "2596"]
[BlackElo "2630"]

1.d4 d5 2.c4 c6 3.Nf3 Nf6 4.Nc3 a6 5.c5 Nbd7 6.Bf4 Nh5 7.e3 b6 8.cxb6 Nxf4
9.exf4 Qxb6 10.Qd2 e6 11.Bd3 Rb8 12.Rb1 c5 13.dxc5 Nxc5 14.O-O Bd6 15.f5 Be7
16.Rfe1 Qd6 17.Bc2 O-O 18.b4 Ne4 19.Nxe4 dxe4 20.Rxe4 exf5 21.Rd4 Qb6 22.Ne5 Be6
23.a3 Rfd8 24.Nd7 Bxd7 25.Rxd7 a5 26.Rxd8+ Rxd8 27.Qe1 Qc7 28.Bxf5 g6 29.Be4 Rd4
30.b5 Bc5 31.Bf3 Bb6 32.g3 Qd6 33.Rd1 Rxd1 34.Qxd1 Qxa3 35.Kg2 Qc5 36.Qe2 a4
37.Qa2 Kg7 38.Bd5 f5  1/2-1/2

[Event "TCh-RUS w"]
[Site "Sochi RUS"]
[Date "2004.04.24"]
[Round "5"]
[White "Shaidullina,S"]
[Black "Molchanova,T"]
[Result "0-1"]
[WhiteElo "2332"]
[BlackElo "2305"]

1.d4 d5 2.c4 c6 3.Nf3 Nf6 4.Nc3 a6 5.c5 Nbd7 6.Bf4 Nh5 7.e3 g6 8.h3 Nxf4
9.exf4 Bg7 10.Be2 O-O 11.O-O Nf6 12.Ne5 Bh6 13.Qd2 Nd7 14.Ng4 Bg7 15.b4 e6
16.a4 f6 17.Rad1 e5 18.dxe5 fxe5 19.Nxe5 Nxe5 20.fxe5 Bxe5 21.f4 Bc7 22.Rf3 Qh4
23.Rdf1 Bf5 24.Bd1 Rae8 25.b5 axb5 26.axb5 Be4 27.Nxe4 Rxe4 28.bxc6 bxc6
29.Bb3 Rexf4 30.Rxf4 Bxf4 31.Qe1 Qxe1 32.Rxe1 Bg3 33.Re6 Ra8 34.Rf6 Ra1+
35.Rf1 Bh2+ 36.Kf2 Ra5 37.Rc1 Bb8 38.Ke3 Ba7 39.Kd4 Kf8 40.Ke5 Ke7 41.g4 Bxc5
42.Kf4 Kd6 43.Rd1 Rb5 44.Rd3 h6 45.h4 Rb4+ 46.Kg3 g5 47.Rf3 Bd4 48.hxg5 hxg5
49.Kh3 Be5 50.Rd3 Rd4 51.Rxd4 Bxd4 52.Kg3 Be3 53.Kf3 Bf4 54.Ke2 c5 55.Bc2 c4
56.Bh7 d4 57.Bg6 d3+ 58.Bxd3 cxd3+ 59.Kxd3 Ke5 60.Ke2 Ke4 61.Kf2 Bc7 62.Kg2 Kf4
63.Kh3 Bd8 64.Kh2 Kxg4 65.Kg2 Be7 66.Kh2 Kf3  0-1

[Event "TCh-RUS w"]
[Site "Sochi RUS"]
[Date "2004.04.24"]
[Round "5"]
[White "Ovod,E"]
[Black "Galliamova,A"]
[Result "0-1"]
[WhiteElo "2373"]
[BlackElo "2502"]

1.d4 d5 2.c4 c6 3.Nf3 Nf6 4.Nc3 a6 5.cxd5 cxd5 6.Ne5 e6 7.Bf4 Nh5 8.Bd2 g6
9.e3 Nd7 10.Nd3 Ng7 11.a4 Nf5 12.a5 Bg7 13.g3 O-O 14.Bg2 b6 15.O-O Nd6 16.b3 bxa5
17.Na4 Ne4 18.f4 Rb8 19.Bxe4 dxe4 20.Ndb2 Bb7 21.Nc4 Bc6 22.Bxa5 Qf6 23.Bc7 Ra8
24.Nc3 Rfc8 25.Bd6 Qd8 26.Bb4 Bd5 27.Nxd5 exd5 28.Ba5 Qe7 29.Nb6 Nxb6 30.Bxb6 Rc3
31.Rc1 Rxe3 32.Rc7 Qd6 33.Ba5 Rd3 34.Qg4 Rf8 35.f5 Bxd4+ 36.Kh1 Bg7 37.f6 Bxf6
38.Rb7 Bg7 39.Bb4 Qc6 40.Qd7 Qxd7 41.Rxd7 e3 42.Bxf8 Bxf8 43.Kg2 Rd2+ 44.Kf3 d4
45.Re1 Rf2+ 46.Ke4 Bb4  0-1

[Event "6th Open"]
[Site "Dubai UAE"]
[Date "2004.04.27"]
[Round "8"]
[White "Izoria,Z"]
[Black "Safin,S"]
[Result "1-0"]
[WhiteElo "2573"]
[BlackElo "2499"]

1.d4 d5 2.c4 c6 3.Nf3 Nf6 4.Nc3 a6 5.c5 Nbd7 6.Bf4 Nh5 7.e3 g6 8.h4 Bg7 9.Bh2 Nhf6
10.Ne5 h5 11.Be2 Ng4 12.Bxg4 hxg4 13.Nxd7 Bxd7 14.Qb3 Rxh4 15.O-O-O Rxh2
16.Rxh2 Qc7 17.Rdh1 O-O-O 18.Rh7 Bf6 19.Rxf7 g3 20.f3 Be6 21.Rfh7 Bg8 22.R7h6 Bg5
23.Ne2 Bxh6 24.Rxh6 e5 25.Rxg6 Bh7 26.Rh6 e4 27.f4 Qg7 28.Rh5 Rg8 29.Qd1 Qf7
30.Qh1 Rg7 31.Qh4 Qc7 32.Qf6 Qd7 33.Rg5 Re7 34.Nxg3 Re6 35.Qf8+ Re8 36.Qd6 Qf7
37.Nh5 Rg8 38.Qf6 Qe8 39.Rxg8 Qxg8 40.Ng7 Kb8 41.g4 Ka8 42.g5 Qc8 43.Ne6 Bg8
44.f5 Ka7 45.Qd8 Bxe6 46.Qxc8  1-0

[Event "ch-LTU"]
[Site "Vilnius LTU"]
[Date "2004.04.28"]
[Round "9"]
[White "Butnorius,A"]
[Black "Sarakauskas,G"]
[Result "1-0"]
[WhiteElo "2423"]
[BlackElo "2430"]

1.d4 d5 2.c4 c6 3.Nf3 Nf6 4.Nc3 a6 5.a4 e6 6.Bg5 Nbd7 7.e3 Qa5 8.Nd2 Bb4
9.Rc1 O-O 10.Be2 c5 11.O-O cxd4 12.exd4 dxc4 13.Bxf6 Nxf6 14.Nxc4 Qd8 15.Qb3 Be7
16.Rfd1 Rb8 17.Bf3 b5 18.axb5 axb5 19.Ne5 Bb7 20.Bxb7 Rxb7 21.d5 exd5 22.Nxd5 Nxd5
23.Rxd5 Qe8 24.Qd3 Qa8 25.Rd1 b4 26.g3 h6 27.b3 Rc7 28.Nc4 Bf6 29.Nb6 Qc6
30.Nd7 Re8 31.Rd6 Qc3 32.Nxf6+ gxf6 33.Qf5 Rc5 34.Qxf6 Re1+ 35.Rxe1 Qxe1+
36.Kg2 Qe4+ 37.Qf3 Qxf3+ 38.Kxf3 Rc3+ 39.Ke4 Rxb3 40.Rxh6 Rb1 41.Rb6 b3 42.h4 Kf8
43.Kf5 Rf1 44.f4 Rf3 45.g4 Kg7 46.h5 Rc3 47.h6+ Kh7 48.g5  1-0

[Event "FSGM May"]
[Site "Budapest HUN"]
[Date "2004.05.07"]
[Round "7"]
[White "Paschall,W"]
[Black "Seres,L"]
[Result "1/2-1/2"]
[WhiteElo "2381"]
[BlackElo "2497"]

1.d4 d5 2.c4 c6 3.Nf3 Nf6 4.Nc3 a6 5.e3 b5 6.b3 Bg4 7.Be2 e6 8.O-O Nbd7 9.h3 Bh5
10.Bb2 Bd6 11.Ne5 Bxe2 12.Nxe2 Qc7 13.cxd5 cxd5 14.Rc1 Qb8 15.Nxd7 Nxd7 16.Rc6  1/2-1/2

[Event "12th Sigeman & Co"]
[Site "Malmoe/Copenhagen SWE"]
[Date "2004.05.07"]
[Round "7"]
[White "Nielsen,PH"]
[Black "Agrest,E"]
[Result "1-0"]
[WhiteElo "2628"]
[BlackElo "2601"]

1.d4 d5 2.c4 c6 3.Nf3 Nf6 4.Nc3 a6 5.c5 Bg4 6.Ne5 Bf5 7.f3 Nbd7 8.g4 Be6
9.Nd3 Nb8 10.Be3 Bc8 11.Bg2 e6 12.Qd2 Be7 13.Rc1 Nfd7 14.O-O a5 15.Na4 b5
16.Nc3 b4 17.Nd1 Ba6 18.N1f2 Bc4 19.f4 Na6 20.Ne5 Nxe5 21.fxe5 Bxa2 22.Nd3 Qc7
23.Nf4 O-O-O 24.Qd3 Qb7 25.b3 a4 26.bxa4 b3 27.Qc3 b2 28.Rb1 Bxb1 29.Rxb1 Rd7
30.Rxb2 Qa8 31.Nd3 Bd8 32.a5 Nc7 33.Rb6 Nb5 34.Qb4 Ra7 35.Bd2 Bc7 36.e4 Rd8
37.exd5 exd5 38.g5 Kd7 39.Bxd5 cxd5 40.Qxb5+ Ke7 41.Nb4 Kf8 42.Nc6 Qc8 43.Qb4 Qg4+
44.Kf2 Qh4+ 45.Ke2 Qg4+ 46.Kd3 Raa8 47.Nxd8 Rxd8 48.Rb7 Rc8 49.a6 Qe6 50.a7 Qa6+
51.Qb5 Qg6+ 52.Kc3  1-0